Best practice in inventory management / (Record no. 4969)
[ view plain ]
| 000 -LEADER | |
|---|---|
| fixed length control field | 00628cam a2200229 i 4500 |
| 001 - CONTROL NUMBER | |
| control field | 19657503 |
| 005 - DATE AND TIME OF LATEST TRANSACTION | |
| control field | 20250319164040.0 |
| 006 - FIXED-LENGTH DATA ELEMENTS--ADDITIONAL MATERIAL CHARACTERISTICS | |
| fixed length control field | m |o d | |
| 007 - PHYSICAL DESCRIPTION FIXED FIELD--GENERAL INFORMATION | |
| fixed length control field | cr_||||||||||| |
| 008 - FIXED-LENGTH DATA ELEMENTS--GENERAL INFORMATION | |
| fixed length control field | 170523s2018 nyu ob 001 0 eng |
| 020 ## - INTERNATIONAL STANDARD BOOK NUMBER | |
| International Standard Book Number | 9780750654586 |
| 020 ## - INTERNATIONAL STANDARD BOOK NUMBER | |
| International Standard Book Number | 0750654589 |
| 050 00 - LIBRARY OF CONGRESS CALL NUMBER | |
| Classification number | TS160 |
| 082 00 - DEWEY DECIMAL CLASSIFICATION NUMBER | |
| Classification number | 658.7/87 |
| Edition information | 23 |
| 100 1# - MAIN ENTRY--PERSONAL NAME | |
| Personal name | Wild, Antony, |
| Relator term | author. |
| 245 10 - TITLE STATEMENT | |
| Title | Best practice in inventory management / |
| Statement of responsibility, etc. | Tony Wild. |
| 250 ## - EDITION STATEMENT | |
| Edition statement | 2nd Edition. |
| 260 ## - PUBLICATION, DISTRIBUTION, ETC. | |
| Place of publication, distribution, etc. | Oxford |
| -- | UK |
| Name of publisher, distributor, etc. | Elsevier Ltd |
| Date of publication, distribution, etc. | c2002 |
| 300 ## - PHYSICAL DESCRIPTION | |
| Extent | ix, 263 pages |
| Other physical details | Illustrations |
| Dimensions | 23cm |
| 650 #0 - SUBJECT ADDED ENTRY--TOPICAL TERM | |
| Topical term or geographic name entry element | Inventory control. |
| 942 ## - ADDED ENTRY ELEMENTS (KOHA) | |
| Source of classification or shelving scheme | Library of Congress Classification |
| Koha item type | Books |
| Edition | 2nd ed. |
| Suppress in OPAC | No |
| 999 ## - | |
| -- | 4969 |
| -- | 4969 |
| Withdrawn status | Lost status | Source of classification or shelving scheme | Damaged status | Not for loan | Home library | Current library | Shelving location | Date acquired | Total checkouts | Full call number | Barcode | Date last seen | Copy number | Price effective from | Koha item type | Collection |
|---|---|---|---|---|---|---|---|---|---|---|---|---|---|---|---|---|
| Library of Congress Classification | Business Library (Miotso) | Business Library (Miotso) | Reference | 03/19/2025 | TS160 WIL | bssm00001483 | 03/19/2025 | 1 | 03/19/2025 | Books | ||||||
| Library of Congress Classification | Business Library (Miotso) | Business Library (Miotso) | General stacks | 06/14/2025 | HF5429 .W66 WIL | BSSM00002193 | 06/14/2025 | 2 | 06/14/2025 | Books | Non-fiction | |||||
| Library of Congress Classification | Business Library (Miotso) | Business Library (Miotso) | General stacks | 06/14/2025 | HF5429 .W66 WIL | BSSM00002194 | 06/14/2025 | 3 | 06/14/2025 | Books | Non-fiction | |||||
| Library of Congress Classification | Graduate Library (Christ Temple) | Graduate Library (Christ Temple) | General stacks | 02/12/2026 | HF5429.W66WIL | gsct00002326 | 02/12/2026 | 1 | 02/12/2026 | Books |